000 00753nam a2200229 a 4500
001 000043620
005 20201002044901.0
008 140331s1970 sp 000 0 spa d
040 _aDO-SdBNP
_bspa
_cBNPHU
082 _a842.42
_bM721t
100 1 _aMoliere
_d1622-1673
_913395
245 1 0 _aTartufo :
_bLa escuela de las mujeres /
_cMoliere; prólogo Manuel Martínez Camaró.
260 _aMadrid :
_bLibra,
_c1970.
300 _a186 p. ;
_c17 cm.
490 1 _aPurpura
_v14
500 _aDos obras encuadernadas juntas con paginación continua.
650 4 _aTeatro francés
_95359
650 4 _aComedia francesa
_913396
650 4 _aLiteratura francesa
_91074
700 1 2 _aMartínez Camaró, Manuel
_eprol.
_971442
830 0 _aPurpura
_n14
_971443
999 _c43109
_d43109